Obbiettivo Moro Un attacco al cuore dello stato

Salvato in:
Dettagli Bibliografici
Autore principale: Gino Pallotta
Natura: Libro
Lingua:lingua imprecisata
Pubblicazione: Newton Compyon Edititori
Tags: Aggiungi Tag
Nessun Tag, puoi essere il primo ad aggiungerne!!

MARC

LEADER 00000nam a2200000Ia 4500
001 R-1055
003 CODICE-MESSINA
005 20260212102501.0
008 260211s9999 xx 000 0 und d
040 |c importazione_messina 
100 |a Gino Pallotta 
245 0 |a Obbiettivo Moro 
245 0 |b Un attacco al cuore dello stato 
260 |b Newton Compyon Edititori 
942 |2 ddc  |c BK 
952 |0 0  |1 0  |2 ddc  |4 0  |6 SCAFFALE_10_000000000000000__ROMANZI  |7 0  |9 31884  |a ME  |b ME  |d 2026-02-11  |l 0  |o SCAFFALE 10 - ROMANZI  |p R-1055  |r 2026-02-11 23:52:50  |w 2026-02-11  |x [REVISIONARE]  |y BK 
999 |c 27549  |d 27549